00695nam a22002057a 4500003000400000005001700004008004100021020001500062040000700077245010300084260004400187300001800231500004600249650002300295653002200318700003300340700004200373700003800415700003600453OSt20190117101419.0180316b xxu||||| |||| 00| 0 spa d a9502000811 cPJ13aEl lenguaje del derecho :bhomenaje a Genaro Carrió /ccompiladores Eugenio Bulygin...[et al.]. aBuenos Aires :bAbeledo-Perrot, c1983. a491 p.c23 cm aCitas bibliográficas a pie de página. 0aDERECHO EN GENERAL aLENGUAJE JURIDICO aBulygin, Eugenioecompilador aFarrell, Martín Diego ecompilador aNino, Carlos Santiagoecompilador aRabossi, Eduardo A.ecompilador